Online
Catalog

Departamento de primarios libro a / (Record no. 20341)

MARC details
000 -CABECERA
campo de control de longitud fija 00763nam a2200205 a 4500
001 - NÚMERO DE CONTROL
campo de control 000020838
005 - FECHA Y HORA DE LA ÚLTIMA TRANSACCIÓN
campo de control 20260202103257.0
008 - DATOS DE LONGITUD FIJA--INFORMACIÓN GENERAL
campo de control de longitud fija 100818nuuuuuuuuxxu 000 0 spa d
040 ## - FUENTE DE LA CATALOGACIÓN
Centro catalogador/agencia de origen DO-SdBNP
Lengua de catalogación spa
Centro/agencia transcriptor BPJMB
082 ## - NÚMERO DE LA CLASIFICACIÓN DECIMAL DEWEY
Número de clasificación 268
Número de documento/Ítem H318d
100 1# - ENTRADA PRINCIPAL--NOMBRE DE PERSONA
Nombre de persona Harrison de Grice, Ethel.
9 (RLIN) 43674
245 10 - MENCIÓN DE TÍTULO
Título Departamento de primarios libro a /
Mención de responsabilidad, etc. Ethel Harrison de Grice ; version castellana Carlos Ramírez ; resición y corrección Ana María Swenson.
260 ## - PUBLICACIÓN, DISTRIBUCIÓN, ETC.
Lugar de publicación, distribución, etc. Texas :
Nombre del editor, distribuidor, etc. Casa Bautista de Publicaciones,
Fecha de publicación, distribución, etc. [19??].
300 ## - DESCRIPCIÓN FÍSICA
Extensión 79 p. :
Otras características físicas il. ;
Dimensiones 27 cm.
650 #4 - PUNTO DE ACCESO ADICIONAL DE MATERIA--TÉRMINO DE MATERIA
Término de materia o nombre geográfico como elemento de entrada Educación cristiana
9 (RLIN) 11641
650 #4 - PUNTO DE ACCESO ADICIONAL DE MATERIA--TÉRMINO DE MATERIA
Término de materia o nombre geográfico como elemento de entrada Educación católica
9 (RLIN) 12402
650 #0 - PUNTO DE ACCESO ADICIONAL DE MATERIA--TÉRMINO DE MATERIA
Término de materia o nombre geográfico como elemento de entrada Iglesia y educación
9 (RLIN) 17475
700 1# - PUNTO DE ACCESO ADICIONAL--NOMBRE DE PERSONA
Nombre de persona Ramírez L., Carlos,
Término indicativo de función/relación tr.
9 (RLIN) 43675
700 1# - PUNTO DE ACCESO ADICIONAL--NOMBRE DE PERSONA
Nombre de persona Swenson, Ana María.
9 (RLIN) 43676

No items available.

Powered by Koha